| 000 | 00470nam a2200181Ia 4500 | ||
|---|---|---|---|
| 001 | 4997 | ||
| 005 | 20260306145835.0 | ||
| 008 | 260306t2021||||xx |||||||||||||| ||spa|| | ||
| 041 | _aESP | ||
| 082 |
_a332.6 _bG24 |
||
| 100 |
_aGarcía Quispe, José Luis _eAUT |
||
| 245 | 0 |
_aInstrumentos de inversión: _btratamiento contable, tributario y legal |
|
| 260 | _c2021 | ||
| 300 |
_a414 páginas : _c25 cm. |
||
| 650 | _aGEN | ||
| 654 | _aCAN | ||
| 942 |
_cLIB _dJUS _fJUS _2ddc _n |
||
| 999 |
_c4997 _d4997 |
||